Movies Quiz

Random Movies or Clip Quiz

Film Themes and Soundtracks Quiz Stats

 Plays Quiz not verified by Sporcle

Also try: Movie Title Typos
Challenge
Share
Tweet
Score 0/65 Timer 12:00
0 Plays Today
Time Film % Correct
0.35Singin' in the Rain
80.1%
4.00The Rock
79.5%
0.25Rocky
76.5%
3.10Titanic
74.4%
0.05Life of Brian
71.7%
4.25The Lion King
69.6%
2.30Jaws
69%
5.20Star Wars
64.5%
1.45Braveheart
56.6%
2.05Gladiator
50.6%
3.05Top Gun
48.2%
4.45The Good, The Bad and the Ugly
47%
5.15Pulp Fiction
46.7%
2.50Schindler's List
44.9%
1.55Avatar
41.6%
0.15Lawrence of Arabia
41%
5.05Raiders of the Lost Ark
41%
4.20The Godfather
36.1%
4.40The Great Escape
35.5%
1.40Inception
33.7%
2.20Forrest Gump
31.6%
0.30Last of the Mohicans
29.2%
5.00Sherlock Holmes
29.2%
4.15Stand By Me
28.9%
2.45Platoon
25.9%
4.50Star Trek
25.6%
3.35The Lord of the Rings: The Return of the King
24.7%
2.35Batman Begins
23.8%
4.05The Spy Who Loved Me
23.8%
1.05Finding Nemo
19.9%
3.30Gran Torino
16.6%
2.10Saving Private Ryan
16.3%
2.00Terminator 2: Judgement Day
14.5%
Time Film % Correct
0.00300
14.2%
1.50For a Few Dollars More
13.9%
3.40Love Actually
13.6%
1.20How To Train Your Dragon
13.3%
3.20The Shining
12.3%
2.15Ben-Hur
12%
0.20The Lost World: Jurassic Park
10.8%
0.50Pirates of the Caribbean: At World's End
10.5%
0.10Conair
10.2%
1.25Dances With Wolves
9.3%
1.00Inglourious Basterds
9%
4.55Spirited Away
7.2%
0.55The Untouchables
6.9%
1.30The Matrix Reloaded
6.9%
3.00Captain America: The First Avenger
6.6%
3.15Unforgiven
6%
0.45Black Swan
5.1%
1.35King Kong
5.1%
4.10L.A. Confidential
5.1%
5.10Apollo 13
4.2%
3.25Black Hawk Down
3.9%
3.45Thor
3.6%
2.40V For Vendetta
2.7%
2.25There Will Be Blood
2.4%
4.35The Last Samurai
2.1%
3.50The Usual Suspects
1.8%
0.40Leon
1.5%
1.15Cowboys & Aliens
1.5%
4.30Reservior Dogs
1.5%
2.55Letters from Iwo Jima
0.6%
3.55To Kill A Mockingbird
0.6%
1.10American History X
0%

You're not logged in!

Compare scores with friends on all Sporcle quizzes.
OR
Log In

You Might Also Like...

Show Comments

Extras

Created Mar 25, 2012ReportNominate
Tags:Clip Quiz, soundtrack, theme

Top Quizzes Today


Score Distribution

Your Account Isn't Verified!

In order to create a playlist on Sporcle, you need to verify the email address you used during registration. Go to your Sporcle Settings to finish the process.

Report this User

Report this user for behavior that violates our Community Guidelines.

Details: